zpět

Detail výsledku týmu

Spirit Bar - Žižkov, Praha

Datum a čas kvízu

33 Celkem bodů Celkový počet nahraných bodů na tomto kvízu bez doplňovacích otázek.
10. Pořadí na kvízu Konečné umístění týmu na tomto kvízu.

Zaznamenané odpovědi

# Otázka Odpověď Body Výsledky
1. Aktuální popularity čínské zub... Jana Maláčová 1
2. Kontroverzní projekt výstavby... C) penis 1
3. „Vaše učitelka angličtiny a vá... Taylor Swift; Travis Kelce 0.5
4. Ve čtvrtek oznámili vědci z Pa... Osudy dobrého vojáka Švejka (za světové války) 1
5. Přestupová sága táhnoucí se ně... Ladislav Krejčí; Wolverhampton (Wanderers FC) 0.5
6. Jak se nazývá věda, která se z... adiktologie 1
7. Na čem je závislý člověk, kter... na internetu a digitálních technologiích 1
8. Na fotografii vidíte asi nejzn... Katka, Helena Třeštíková 0.5
9. Při léčbě některých závislostí... C 1
10. Jak se jmenuje zobrazený český... Karel Nešpor 0